000 01252nji a22003017a 4500
005 20100903161258.0
006 a|||||r|||||00| 0
007 sd ammalaaahaa
008 100830t xxu||||| |||| 00| 0 eng d
028 _aN 55232
_bHis Master's Voice
035 _aGR-01596
040 _aSED
_cSED
100 _917455
_aKalyanpuri, Suman
245 _aShankar Khan /
_cbySuman Kalyanpur, Mohd Rafi [and] Krishna Kalle ; Music by S N Tripathi ; Lyris by B D Misra
_h[sound recording] :
246 _aगबन / लता मंगेशकर द्वारा
260 _aDum Dum, India
_bHis Master's Voice
300 _a1 sound disc [Gramophone Recording]:
_banalog, 33 1/3 rpm
_c9.5 in. (MP)
_fGramophone Record
500 _aBrief Record
505 _a Side 1 छुट्टी हो गई (Chhutti ho gai) Side 2 दिल की बात जबो पर (Dil ki baat jabo par) (Suman Kalyanpur)
650 _aClassical music
_zIndia
_91186
_xExcerpts
700 _917416
_aTripathi, S N
700 _917456
_aMisra, B D
700 _919067
_aMohd Rafi
700 _919087
_aKalle, Krishna
700 _919088
942 _2ddc
_cGR
999 _c44915
_d44915